00478 2200157 4500001002100000008004100021035002000062245003200082100002700114260002800141300002100169020002200190082001000212650008500222990001300307INLIS000000000000341 ind  a0010-0423000341 aMISTERI PRASASTI URIP ABADI aARINA FUTIHATIR RIZQOH aSOLObTIGA ANANDAc2014 a100 hlm.c21 cm. a978-979-045-783-6 a741.5 aCARTOONS, CARICATURES, COMICS ( CARTOON FICTION, GRAPHIC NOVEL(VISUAL NOVELS ) ) a102683-1